[Event "Rated Blitz game"]
[Site "?"]
[Date "2021.11.03"]
[Round "?"]
[White "Yvette1980"]
[Black "falejos"]
[Result "1-0"]
[WhiteElo "2401"]
[BlackElo "2297"]
[PlyCount "23"]
[EventDate "2021.??.??"]
[EventType "blitz"]

1. e4 e5 2. Nf3 d5 3. Nc3 d4 4. Nb1 Nc6 5. Bb5 Qd6 6. Bxc6+ bxc6 7. d3 f6 8. c4
dxc3 9. Nxc3 Ba6 10. d4 exd4 11. Qxd4 c5 12. Qa4+ {Normal} 1-0

[Event "Rated Blitz game"]
[Site "?"]
[Date "2021.11.03"]
[Round "?"]
[White "selendic95"]
[Black "Fantastic_power06"]
[Result "0-1"]
[WhiteElo "2679"]
[BlackElo "2787"]
[PlyCount "26"]
[EventDate "2021.??.??"]
[EventType "blitz"]

1. e4 e5 2. Nf3 d5 3. exd5 e4 4. Qe2 Nf6 5. Nc3 Be7 6. Nxe4 O-O 7. d3 Re8 8.
Be3 Nxd5 9. O-O-O f5 10. Kb1 Nc6 11. g4 Nxe3 12. Qxe3 fxe4 13. dxe4 Qxd1+ {
Normal} 0-1

[Event "Rated Blitz game"]
[Site "?"]
[Date "2021.11.03"]
[Round "?"]
[White "streamerchessLp"]
[Black "Annali-annaliew1979"]
[Result "0-1"]
[WhiteElo "2417"]
[BlackElo "2446"]
[PlyCount "124"]
[EventDate "2021.??.??"]
[EventType "blitz"]

1. e4 e5 2. Nf3 d5 3. exd5 e4 4. Qe2 f5 5. d3 Nf6 6. Nc3 Bb4 7. dxe4 Bxc3+ 8.
bxc3 fxe4 9. Nd4 O-O 10. c4 c5 11. Nb3 Bf5 12. Bb2 Nbd7 13. h3 b6 14. g4 Bg6
15. Bg2 a5 16. a4 Re8 17. O-O Ne5 18. Nd2 Qd6 19. Qe3 Rad8 20. Qg3 Qb8 21. Bc3
e3 22. f4 exd2 23. fxe5 Ne4 24. Bxe4 Bxe4 25. d6 Ba8 26. Bxd2 Qb7 27. Kh2 Rxe5
28. Rf2 Re6 29. Bf4 Rf8 30. Raf1 Ref6 31. Qe3 g5 32. Bxg5 Rxf2+ 33. Rxf2 Qh1+
34. Kg3 Qg1+ 35. Kh4 Qxf2+ 36. Qxf2 Rxf2 37. d7 Rf8 38. d8=Q Rxd8 39. Bxd8 Be4
40. Bxb6 Bxc2 41. Bxc5 Bxa4 42. Bb6 Bb3 43. Bxa5 Bxc4 44. Bc3 Kf7 45. Kg5 Bf1
46. Kh6 Kg8 47. h4 Bh3 48. g5 Bf5 49. h5 Be4 50. g6 Bd3 51. gxh7+ Bxh7 52. Kg5
Bd3 53. h6 Kh7 54. Bg7 Bc2 55. Kf4 Bb3 56. Ke3 Kg6 57. Bf8 Kh7 58. Be7 Bf7 59.
Bf6 Bg6 60. Bg7 Kg8 61. Kd2 Bh7 62. Kc1 Kf7 {Time forfeit} 0-1

[Event "Rated Blitz game"]
[Site "?"]
[Date "2021.11.03"]
[Round "?"]
[White "Barrofill-XXIV"]
[Black "JHuNNTANGco"]
[Result "1-0"]
[WhiteElo "2400"]
[BlackElo "2420"]
[PlyCount "125"]
[EventDate "2021.??.??"]
[EventType "blitz"]

1. e4 e5 2. Nf3 d5 3. Nxe5 dxe4 4. d4 Bd6 5. Nc4 Nc6 6. Nxd6+ Qxd6 7. c3 f5 8.
Be2 Nf6 9. g3 Be6 10. Bf4 Qe7 11. Nd2 O-O-O 12. Qa4 h6 13. h4 Kb8 14. O-O-O Nd5
15. Be3 g5 16. hxg5 hxg5 17. Nc4 Rxh1 18. Rxh1 f4 19. gxf4 gxf4 20. Bd2 a6 21.
Qc2 b5 22. Ne5 Nxe5 23. dxe5 e3 24. fxe3 fxe3 25. Be1 Nf4 26. Bf3 Qd7 27. Qe4
Nd5 28. Bh4 Rf8 29. Rd1 c6 30. c4 bxc4 31. Qxc4 Kb7 32. Bxd5 Bxd5 33. Qb4+ Ka7
34. Qxf8 e2 35. Qc5+ Kb7 36. Re1 Qg4 37. Bd8 Bf3 38. Qb6+ Ka8 39. Qxa6+ Kb8 40.
Qb6+ Ka8 41. Bc7 Qc8 42. Kd2 Qb7 43. Qxb7+ Kxb7 44. Ke3 Kxc7 45. Kxf3 c5 46.
Rxe2 Kc6 47. Rc2 Kd5 48. Ke3 Kc6 49. Kd3 Kd5 50. Kc3 Kc6 51. Kc4 Kd7 52. e6+
Kxe6 53. Kxc5 Kd7 54. Rc3 Ke6 55. Kb4 Ke5 56. Kc4 Ke4 57. a4 Ke5 58. a5 Kf5 59.
a6 Ke4 60. a7 Kf4 61. a8=Q Kf5 62. Qf8+ Ke5 63. Re3# {Normal} 1-0

[Event "Rated Blitz game"]
[Site "?"]
[Date "2021.11.03"]
[Round "?"]
[White "ANGRYBIRD2300"]
[Black "Tristan2020"]
[Result "1-0"]
[WhiteElo "2343"]
[BlackElo "2407"]
[PlyCount "65"]
[EventDate "2021.??.??"]
[EventType "blitz"]

1. e4 e5 2. Nf3 d5 3. Nxe5 Bd6 4. d4 dxe4 5. Bc4 Bxe5 6. Qh5 Qe7 7. dxe5 Be6 8.
Bxe6 Qxe6 9. O-O Nc6 10. Nc3 Qxe5 11. Qg4 Nf6 12. Qh3 O-O 13. Be3 Rad8 14. Rad1
a6 15. Rfe1 Rd5 16. Nxd5 Nxd5 17. Bc5 Rd8 18. c4 Nf6 19. Rxd8+ Nxd8 20. Qc8 Qe8
21. Rd1 Ne6 22. Qxe8+ Nxe8 23. Be3 Nf6 24. h3 Kf8 25. b3 Ke8 26. Kf1 Nd7 27.
Ke2 f5 28. g3 g6 29. Rd5 Nb6 30. Bxb6 cxb6 31. Rd6 Ke7 32. Rxb6 Nd4+ 33. Ke3 {
Normal} 1-0

[Event "Rated Blitz game"]
[Site "?"]
[Date "2021.11.03"]
[Round "?"]
[White "Hiko-Seijuro"]
[Black "Benny_Watts_2005"]
[Result "0-1"]
[WhiteElo "2425"]
[BlackElo "2406"]
[PlyCount "60"]
[EventDate "2021.??.??"]
[EventType "blitz"]

1. e4 e5 2. Nf3 d5 3. d3 dxe4 4. dxe4 Qxd1+ 5. Kxd1 Nc6 6. c3 Bd7 7. Kc2 O-O-O
8. h3 Bc5 9. Ng5 Nh6 10. Bc4 f6 11. Ne6 Bxf2 12. Nxd8 Rxd8 13. Bxh6 gxh6 14.
Rf1 Bh4 15. Nd2 Na5 16. Be2 Bc6 17. b4 Bg5 18. Rad1 Ba4+ 19. Nb3 Nxb3 20. axb3
Bc6 21. Bd3 h5 22. b5 Be8 23. g3 h4 24. gxh4 Bxh4 25. Be2 h5 26. Bc4 Bd7 27.
Rf3 Bg5 28. Rfd3 f5 29. Be6 Bxe6 30. exf5 Bxf5 {Normal} 0-1

[Event "Rated Blitz game"]
[Site "?"]
[Date "2021.11.03"]
[Round "?"]
[White "chess_rehab"]
[Black "Annali-annaliew1979"]
[Result "0-1"]
[WhiteElo "2445"]
[BlackElo "2450"]
[PlyCount "56"]
[EventDate "2021.??.??"]
[EventType "blitz"]

1. e4 e5 2. Nf3 d5 3. exd5 e4 4. Qe2 f5 5. d3 Nf6 6. Bg5 Be7 7. Nc3 exf3 8.
Qxf3 O-O 9. O-O-O Nbd7 10. h4 Ne5 11. Qg3 Bd6 12. Bf4 Nh5 13. Bxe5 Nxg3 14.
Bxg3 Bxg3 15. fxg3 f4 16. gxf4 Rxf4 17. Be2 Bg4 18. Bxg4 Rxg4 19. Rde1 Rxh4 20.
Rhf1 Qg5+ 21. Kb1 Qxg2 22. Rg1 Qh2 23. Ne4 Rf8 24. Ng5 Qd6 25. Ne6 Rf7 26. c4
b6 27. Rg2 Rh2 28. Rg4 Qb4 {Normal} 0-1

[Event "Rated Blitz game"]
[Site "?"]
[Date "2021.11.03"]
[Round "?"]
[White "PerpetuumChessPlayer"]
[Black "Annali-annaliew1979"]
[Result "1-0"]
[WhiteElo "2538"]
[BlackElo "2443"]
[PlyCount "111"]
[EventDate "2021.??.??"]
[EventType "blitz"]

1. e4 e5 2. Nf3 d5 3. exd5 e4 4. Qe2 f5 5. d3 Nf6 6. Nc3 Bb4 7. dxe4 Bxc3+ 8.
bxc3 fxe4 9. Ng5 O-O 10. c4 h6 11. Nh3 c6 12. Nf4 cxd5 13. cxd5 Na6 14. Qc4 Kh7
15. Bb2 b6 16. O-O-O Nc5 17. Be2 Ba6 18. Qxa6 Nxa6 19. Bxa6 Qd6 20. g3 Ng4 21.
Rd2 Qc5 22. Ne6 Qa5 23. Nxf8+ Rxf8 24. Bc4 Nxf2 25. Re1 Rc8 26. Bb3 e3 27. Rxe3
Ng4 28. Re4 Nf6 29. Re7 Qc5 30. Bxf6 Qg1+ 31. Kb2 Rg8 32. d6 Kh8 33. Bxg8 gxf6
34. Be6 Qe3 35. d7 Qxd2 36. Re8+ Kg7 37. d8=Q Qb4+ 38. Kc1 Qe1+ 39. Qd1 Qe3+
40. Kb1 f5 41. Qd7+ Kf6 42. Qf7+ Ke5 43. Bxf5+ Kd4 44. Rxe3 Kxe3 45. Qe6+ Kf2
46. Qe4 h5 47. Bg4 hxg4 48. Qxg4 Kg2 49. Qf4 Kxh2 50. g4+ Kh3 51. g5 b5 52. g6
b4 53. g7 b3 54. g8=Q bxa2+ 55. Kxa2 a6 56. Qfg3# {Normal} 1-0

[Event "Rated Blitz game"]
[Site "?"]
[Date "2021.11.03"]
[Round "?"]
[White "Maghreb"]
[Black "Annali-annaliew1979"]
[Result "1-0"]
[WhiteElo "2608"]
[BlackElo "2457"]
[PlyCount "65"]
[EventDate "2021.??.??"]
[EventType "blitz"]

1. e4 e5 2. Nf3 d5 3. exd5 e4 4. Qe2 f5 5. d3 Nf6 6. Nc3 Bb4 7. Bd2 Bxc3 8.
Bxc3 O-O 9. Ne5 Nxd5 10. dxe4 Nxc3 11. bxc3 fxe4 12. Qc4+ Kh8 13. Nf7+ Rxf7 14.
Qxf7 Nc6 15. Rd1 Qg8 16. Bc4 Bg4 17. Qxg8+ Rxg8 18. Bxg8 Bxd1 19. Kxd1 Kxg8 20.
Kd2 Kf7 21. Ke3 Ke6 22. Kxe4 Ne5 23. Re1 Nd7 24. Kd4+ Kd6 25. c4 c5+ 26. Ke4
Nf6+ 27. Kf5 Nd7 28. h4 g6+ 29. Kg5 Ne5 30. Re4 Nc6 31. Kh6 Nd4 32. Kxh7 Nxc2
33. Kxg6 {Normal} 1-0

[Event "Rated Blitz game"]
[Site "?"]
[Date "2021.11.02"]
[Round "?"]
[White "tucoperez"]
[Black "Annali-annaliew1979"]
[Result "1-0"]
[WhiteElo "2458"]
[BlackElo "2418"]
[PlyCount "109"]
[EventDate "2021.??.??"]
[EventType "blitz"]

1. e4 e5 2. Nf3 d5 3. Nxe5 Qe7 4. d4 f6 5. Nd3 Nc6 6. c3 Bf5 7. Be2 Bxe4 8. O-O
Qf7 9. Bf4 Bxd3 10. Bxd3 O-O-O 11. Nd2 Nge7 12. h3 h5 13. Re1 g5 14. Bh2 f5 15.
Be5 Nxe5 16. Rxe5 Bg7 17. Rxe7 Qxe7 18. Bxf5+ Kb8 19. Qc2 Rdf8 20. Nf3 Qf6 21.
Bd3 g4 22. Ne5 Qh4 23. Ng6 Qg5 24. h4 Qf6 25. Nxh8 Rxh8 26. g3 Rf8 27. Re1 a6
28. Bg6 Qb6 29. Bxh5 c5 30. Qg6 Bf6 31. dxc5 Qxc5 32. Re8+ Rxe8 33. Qxe8+ Ka7
34. Qe3 d4 35. cxd4 Bxd4 36. Qe2 Qxh5 37. b3 Qe5 38. Qxe5 Bxe5 39. Kg2 Kb6 40.
f3 Kc5 41. fxg4 Kd4 42. g5 Ke4 43. h5 Kf5 44. g6 Kg5 45. g4 Bg7 46. Kf3 b6 47.
a4 a5 48. Kg3 Be5+ 49. Kf3 Bc3 50. Ke4 Kxg4 51. h6 Kg5 52. g7 Kxh6 53. g8=Q Bb4
54. Kf5 Bc3 55. Qg6# {Normal} 1-0

[Event "Rated Blitz game"]
[Site "?"]
[Date "2021.11.02"]
[Round "?"]
[White "Tatyana_Moskow"]
[Black "Benny_Watts_2005"]
[Result "1-0"]
[WhiteElo "2500"]
[BlackElo "2383"]
[PlyCount "63"]
[EventDate "2021.??.??"]
[EventType "blitz"]

1. e4 e5 2. Nf3 d5 3. Nc3 d4 4. Nb1 Bd6 5. Bc4 c5 6. d3 Nf6 7. h3 O-O 8. a4 Nc6
9. Bg5 h6 10. Bh4 Re8 11. Nbd2 Be6 12. Bxe6 Rxe6 13. Nc4 Bc7 14. g4 g5 15. Bg3
a6 16. b3 b5 17. Nb2 Ba5+ 18. Kf1 Bc3 19. Ra2 Nb4 20. Qb1 Nxa2 21. Qxa2 Bxb2
22. Qxb2 Nd7 23. Qc1 Qf6 24. Kg2 Rc8 25. h4 gxh4 26. Nxh4 c4 27. bxc4 bxc4 28.
Nf5 Qg6 29. Rxh6 Qxg4 30. Qh1 f6 31. Rh8+ Kf7 32. Qh7+ {Normal} 1-0

[Event "Rated Blitz game"]
[Site "?"]
[Date "2021.11.02"]
[Round "?"]
[White "kingsolver2018"]
[Black "barry-allen"]
[Result "1-0"]
[WhiteElo "2441"]
[BlackElo "2208"]
[PlyCount "56"]
[EventDate "2021.??.??"]
[EventType "blitz"]

1. e4 e5 2. Nf3 d5 3. Nxe5 Bd6 4. d4 dxe4 5. f4 Bxe5 6. fxe5 Qh4+ 7. g3 Qe7 8.
Bg2 Bf5 9. O-O g6 10. g4 Be6 11. Bxe4 Nc6 12. d5 O-O-O 13. c4 Nb4 14. Be3 Qh4
15. Bf3 Nh6 16. Bxh6 Qxh6 17. Qa4 Qe3+ 18. Kg2 Na6 19. dxe6 fxe6 20. Qb3 Qxb3
21. axb3 Kb8 22. Nc3 Rd2+ 23. Rf2 Rxf2+ 24. Kxf2 Nc5 25. b4 Nd3+ 26. Ke3 Nxb2
27. Be2 b5 28. Nxb5 Nxc4+ {Normal} 1-0

[Event "Rated Blitz game"]
[Site "?"]
[Date "2021.11.02"]
[Round "?"]
[White "Handy-Andy"]
[Black "tactinhos2900"]
[Result "1-0"]
[WhiteElo "2572"]
[BlackElo "2554"]
[PlyCount "61"]
[EventDate "2021.??.??"]
[EventType "blitz"]

1. e4 e5 2. Nf3 d5 3. Nc3 dxe4 4. Nxe4 f5 5. Ng3 e4 6. Ng1 Nf6 7. Bc4 Bc5 8.
N1e2 Nc6 9. d4 Nxd4 10. O-O Nxe2+ 11. Qxe2 Qe7 12. Bg5 Be6 13. Rad1 Bb6 14. Nh5
O-O 15. Nxf6+ gxf6 16. Bh6 Rfd8 17. Bxe6+ Qxe6 18. Qh5 Rd6 19. Qh4 Kh8 20. Rxd6
cxd6 21. Rd1 d5 22. b3 d4 23. Qf4 e3 24. fxe3 dxe3 25. Kh1 e2 26. Re1 Re8 27.
h3 Qe4 28. Qd2 Bf2 29. Qc3 Kg8 30. Qxf6 Re7 31. Qf8# {Normal} 1-0

[Event "Rated Blitz game"]
[Site "?"]
[Date "2021.11.02"]
[Round "?"]
[White "andyandyw"]
[Black "CristianS27"]
[Result "0-1"]
[WhiteElo "2433"]
[BlackElo "2504"]
[PlyCount "100"]
[EventDate "2021.??.??"]
[EventType "blitz"]

1. e4 e5 2. Nf3 d5 3. exd5 e4 4. Ne5 Qxd5 5. d4 exd3 6. Nxd3 Nf6 7. Nc3 Qd8 8.
Bg5 Be7 9. Qf3 Nc6 10. h3 Nd4 11. Qd1 O-O 12. Be2 Bf5 13. O-O Re8 14. Re1 Nxe2+
15. Rxe2 Bxd3 16. cxd3 Nd5 17. Bxe7 Nxe7 18. Qb3 b6 19. Rae1 Qd7 20. Qc4 Ng6
21. Rxe8+ Rxe8 22. Rxe8+ Qxe8 23. Qxc7 Qe1+ 24. Kh2 Qxf2 25. Ne4 Qxb2 26. Qd8+
Nf8 27. d4 Qxa2 28. d5 Qe2 29. Qe8 Qd1 30. d6 f5 31. Ng3 Qxd6 32. h4 f4 33. Nf5
Qf6 34. Ne7+ Kh8 35. Kh3 h5 36. Ng6+ Qxg6 37. Qxf8+ Kh7 38. Qxf4 Qf6 39. Qe4+
Qg6 40. Qb7 a5 41. Qxb6 a4 42. Qxg6+ Kxg6 43. g4 a3 44. gxh5+ Kxh5 45. Kg3 a2
46. Kf4 a1=Q 47. Kf5 Qa4 48. Ke6 Qxh4 49. Kf7 Qg4 50. Kg8 Qf4 {Time forfeit}
0-1

[Event "Rated Blitz game"]
[Site "?"]
[Date "2021.11.02"]
[Round "?"]
[White "Dandel2i3Fernandez"]
[Black "King_bg03"]
[Result "1-0"]
[WhiteElo "2404"]
[BlackElo "2576"]
[PlyCount "129"]
[EventDate "2021.??.??"]
[EventType "blitz"]

1. e4 e5 2. Nf3 d5 3. d4 exd4 4. exd5 Nf6 5. Bc4 Nxd5 6. Bxd5 Qxd5 7. O-O Be7
8. Re1 Be6 9. Nxd4 O-O 10. Nc3 Qd8 11. Nxe6 Qxd1 12. Nxd1 fxe6 13. Rxe6 Nc6 14.
c3 Rad8 15. Be3 Bf6 16. Kf1 Ne5 17. Ke2 Nc4 18. Re4 Nd6 19. Ra4 Rfe8 20. Rxa7
c6 21. a4 Rd7 22. Ra3 Nc4 23. Rb3 Red8 24. Rb4 Nd2 25. Rbxb7 Rxb7 26. Rxb7 Nc4
27. Rb4 Ne5 28. a5 Ra8 29. Bb6 Nd7 30. Ne3 Be7 31. Re4 Bc5 32. Bxc5 Nxc5 33.
Rc4 Rxa5 34. b4 Ra2+ 35. Kf3 Nd3 36. Ng4 h5 37. Ke3 Nb2 38. Rxc6 hxg4 39. b5
Na4 40. c4 Rb2 41. Ra6 Nc5 42. Rc6 Nd7 43. Rc7 Nf6 44. h3 Kh7 45. hxg4 Nxg4+
46. Kd4 Rd2+ 47. Kc3 Rxf2 48. b6 Rf6 49. c5 Ne3 50. Kd4 Nf5+ 51. Ke5 Ne3 52. b7
Nc4+ 53. Kd4 Rf4+ 54. Kc3 Ne3 55. b8=Q Nd5+ 56. Kd2 Nxc7 57. Qxc7 Rf6 58. c6
Kg6 59. Qg3+ Kf7 60. c7 Re6 61. c8=Q Rf6 62. Qe5 Kg6 63. Qg4+ Kh6 64. Qxf6+ Kh7
65. Qfxg7# {Normal} 1-0

[Event "Rated Blitz game"]
[Site "?"]
[Date "2021.11.02"]
[Round "?"]
[White "jamshah12345"]
[Black "Taabling"]
[Result "0-1"]
[WhiteElo "2429"]
[BlackElo "2514"]
[PlyCount "84"]
[EventDate "2021.??.??"]
[EventType "blitz"]

1. e4 e5 2. Nf3 d5 3. exd5 Bd6 4. d4 e4 5. Ne5 Nf6 6. Bb5+ c6 7. dxc6 bxc6 8.
Nxc6 Qb6 9. Nxa7+ Bd7 10. Nc8 Bb4+ 11. c3 Qxb5 12. a4 Qc6 13. cxb4 Qxc8 14. Nc3
O-O 15. O-O Bf5 16. Be3 Nbd7 17. Qd2 Qb7 18. Nb5 Nb6 19. b3 Nbd5 20. Rac1 Rfd8
21. Rc5 Bg6 22. Rfc1 h6 23. h3 Rd7 24. Rc6 Rad8 25. R1c5 Qb8 26. Qc1 Nxb4 27.
Qc4 Nd3 28. Bxh6 Nxc5 29. Qxc5 Rd5 30. Qc4 Rf5 31. Be3 Nd5 32. a5 Nxe3 33. fxe3
Qg3 34. Qe2 Rxb5 35. Qxb5 Qxe3+ 36. Kh2 Qf4+ 37. Kg1 Rxd4 38. Qf1 Qe3+ 39. Kh2
Rd2 40. Rc8+ Kh7 41. Qe1 Qxe1 42. a6 Qe2 {Time forfeit} 0-1

[Event "Rated Blitz game"]
[Site "?"]
[Date "2021.11.02"]
[Round "?"]
[White "NocteSidus"]
[Black "Annali-annaliew1979"]
[Result "1-0"]
[WhiteElo "2512"]
[BlackElo "2503"]
[PlyCount "143"]
[EventDate "2021.??.??"]
[EventType "blitz"]

1. e4 e5 2. Nf3 d5 3. Nxe5 Qe7 4. d4 f6 5. Nf3 dxe4 6. Ng1 f5 7. Ne2 Nf6 8. h3
Nc6 9. c4 Be6 10. b3 Bf7 11. Be3 O-O-O 12. Nbc3 h6 13. Qc2 g5 14. g3 Bh5 15.
O-O-O Bf3 16. Rg1 Nb4 17. Qd2 Nd3+ 18. Kb1 Bg7 19. Bg2 g4 20. Bxf3 gxf3 21. Nf4
Nxf4 22. Bxf4 Nh5 23. Be3 Nf6 24. Bf4 Qb4 25. Be5 Rhe8 26. Qe3 Rxe5 27. dxe5
Nd7 28. Nd5 Qa3 29. b4 Qa4 30. Qb3 Qxb3+ 31. axb3 Bxe5 32. Ne7+ Kb8 33. Rd5 c6
34. Rdd1 Kc7 35. Nxf5 h5 36. h4 Nf6 37. Rxd8 Kxd8 38. Ne3 Kd7 39. Rd1+ Ke6 40.
Kc2 b6 41. Re1 c5 42. bxc5 bxc5 43. Nd5 Nxd5 44. cxd5+ Kxd5 45. Rd1+ Bd4 46.
Rd2 Ke5 47. Kd1 Kf5 48. Ke1 Kg4 49. Kf1 Kh3 50. Rc2 a5 51. Ra2 Bc3 52. Ra4 Bb4
53. Ra2 Kg4 54. Rc2 Kf5 55. Rc4 Ke5 56. Rc2 Kd4 57. Rc4+ Kd3 58. Kg1 Ke2 59.
Rxe4+ Kd3 60. Re5 Kc3 61. Re3+ Kb2 62. Rxf3 a4 63. bxa4 c4 64. g4 hxg4 65. Rg3
c3 66. Rxg4 c2 67. Rxb4+ Kc3 68. Rb5 c1=Q+ 69. Kg2 Qa1 70. Rg5 Qxa4 71. Rg3+
Kd2 72. h5 {Time forfeit} 1-0

[Event "Rated Blitz game"]
[Site "?"]
[Date "2021.11.02"]
[Round "?"]
[White "Handy-Andy"]
[Black "tactinhos2900"]
[Result "0-1"]
[WhiteElo "2560"]
[BlackElo "2567"]
[PlyCount "36"]
[EventDate "2021.??.??"]
[EventType "blitz"]

1. e4 e5 2. Nf3 d5 3. Nc3 dxe4 4. Nxe5 Qd4 5. Ng4 Bc5 6. Ne3 Nf6 7. Bc4 O-O 8.
O-O Nc6 9. d3 exd3 10. Bxd3 Ne5 11. Bf5 Qxd1 12. Rxd1 Bxe3 13. Bxc8 Bxc1 14.
Bxb7 Bxb2 15. Bxa8 Bxa1 16. Nb5 Rxa8 17. Rxa1 c6 18. Nd4 Rd8 {Normal} 0-1

[Event "Rated Blitz game"]
[Site "?"]
[Date "2021.11.02"]
[Round "?"]
[White "evolinct"]
[Black "GrandeGila"]
[Result "1-0"]
[WhiteElo "2529"]
[BlackElo "2520"]
[PlyCount "81"]
[EventDate "2021.??.??"]
[EventType "blitz"]

1. e4 e5 2. Nf3 d5 3. exd5 e4 4. Qe2 Nf6 5. Nc3 Be7 6. Nxe4 Nxd5 7. d3 O-O 8.
Qd1 Re8 9. Be2 c5 10. O-O Nc6 11. c3 Bf8 12. Qc2 h6 13. Re1 Bf5 14. Ng3 Bg6 15.
Bd2 c4 16. Rad1 Rxe2 17. Nxe2 cxd3 18. Qb3 dxe2 19. Rxe2 Bd3 20. Ree1 Na5 21.
Qa4 Nc4 22. Bc1 Ndb6 23. Qb5 Nd2 24. Qh5 Bg6 25. Qh3 Nxf3+ 26. Qxf3 Qc8 27. Bf4
Qf5 28. Bc7 Qxf3 29. gxf3 Bc2 30. Rd8 Rxd8 31. Bxd8 Kh7 32. Re8 Bd6 33. Be7 Bc7
34. Bd8 Bxd8 35. Rxd8 Kg6 36. Rb8 Bb1 37. Rxb7 Bxa2 38. Rxa7 Bd5 39. Ra6 Bxf3
40. Rxb6+ Kg5 41. b4 {Normal} 1-0

[Event "Rated Blitz game"]
[Site "?"]
[Date "2021.11.02"]
[Round "?"]
[White "Laketo1104"]
[Black "lavilaine"]
[Result "1/2-1/2"]
[WhiteElo "2517"]
[BlackElo "2484"]
[PlyCount "196"]
[EventDate "2021.??.??"]
[EventType "blitz"]

1. e4 e5 2. Nf3 d5 3. exd5 e4 4. Qe2 f5 5. d3 Nf6 6. Bg5 Qxd5 7. Bxf6 gxf6 8.
Nc3 Bb4 9. Rd1 Bxc3+ 10. bxc3 Qa5 11. dxe4 Qxc3+ 12. Nd2 O-O 13. Qc4+ Qxc4 14.
Bxc4+ Kg7 15. exf5 Bxf5 16. O-O Bxc2 17. Rc1 Bf5 18. Rfe1 Nc6 19. Bb5 Rfe8 20.
Bxc6 bxc6 21. h3 Bd7 22. Ne4 Re5 23. Nc5 Be8 24. f4 Rxe1+ 25. Rxe1 Kf7 26. Ne6
Bd7 27. Nxc7 Rb8 28. Na6 Rb2 29. Nc5 Bc8 30. a4 Rc2 31. Ne4 Ba6 32. f5 Ra2 33.
Nd6+ Kg7 34. h4 Rxa4 35. Re7+ Kh6 36. Rxa7 Bb5 37. Rxa4 Bxa4 38. g4 Bd1 39. g5+
fxg5 40. Nf7+ Kh5 41. hxg5 Bb3 42. Ne5 Kxg5 43. Nxc6 Kxf5 44. Nd4+ Ke4 45. Nxb3
h5 46. Kh2 h4 47. Nd2+ Ke3 48. Nb3 h3 49. Nc5 Ke2 50. Nd7 Ke3 51. Nf8 Ke2 52.
Kg3 Ke3 53. Kh2 Ke2 54. Ng6 Ke3 55. Nh4 Ke2 56. Nf5 Kd3 57. Ng3 Ke3 58. Nh1 Kd2
59. Ng3 Kd3 60. Nf5 Ke2 61. Nd6 Kd1 62. Nb7 Kd2 63. Nd8 Kd3 64. Nf7 Kc3 65. Nh8
Kb2 66. Ng6 Ka1 67. Nh4 Ka2 68. Nf3 Ka1 69. Ne5 Ka2 70. Nf7 Ka1 71. Kg3 Ka2 72.
Kh2 Ka1 73. Kg1 Ka2 74. Kh1 Ka1 75. Ng5 Ka2 76. Ne4 Ka1 77. Nf2 Ka2 78. Kh2 Ka3
79. Ng4 Ka4 80. Kh1 Ka5 81. Ne3 Ka4 82. Nd5 Ka3 83. Nf4 Ka2 84. Nd3 Ka1 85. Nc5
Ka2 86. Na6 Ka3 87. Nc5 Kb4 88. Nd3+ Kb3 89. Nc5+ Kc3 90. Ne6 Kb2 91. Kh2 Ka1
92. Nf4 Ka2 93. Nh5 Kb1 94. Kh1 Ka1 95. Nf4 Ka2 96. Ne6 Kb1 97. Nd4 Ka1 98. Nb5
Kb1 {Normal} 1/2-1/2

[Event "Rated Blitz game"]
[Site "?"]
[Date "2021.11.02"]
[Round "?"]
[White "Antonchempion"]
[Black "Annali-annaliew1979"]
[Result "0-1"]
[WhiteElo "2258"]
[BlackElo "2423"]
[PlyCount "72"]
[EventDate "2021.??.??"]
[EventType "blitz"]

1. e4 e5 2. Nf3 d5 3. exd5 e4 4. Bc4 exf3 5. Qxf3 Nf6 6. O-O Bd6 7. Re1+ Kf8 8.
d4 Bg4 9. Qe3 Nbd7 10. Nc3 a6 11. a4 h6 12. h3 Bh5 13. Bd3 g5 14. g4 Bg6 15.
Bxg6 fxg6 16. Qf3 Kg7 17. Bd2 Rf8 18. Qg2 b6 19. Ne4 Nxe4 20. Rxe4 Qf6 21. c3
Qf7 22. Re6 Rfe8 23. Rae1 Nf8 24. R6e4 Rad8 25. c4 a5 26. b3 Rxe4 27. Qxe4 Rd7
28. Be3 Re7 29. Qg2 Bf4 30. c5 Nd7 31. d6 cxd6 32. cxd6 Bxd6 33. Qc6 Bf4 34. d5
Nf6 35. d6 Rd7 36. Bd4 Rxd6 {Normal} 0-1

[Event "Rated Blitz game"]
[Site "?"]
[Date "2021.11.02"]
[Round "?"]
[White "ARDosina"]
[Black "khalid_ontawar"]
[Result "0-1"]
[WhiteElo "2469"]
[BlackElo "2484"]
[PlyCount "52"]
[EventDate "2021.??.??"]
[EventType "blitz"]

1. e4 e5 2. Nf3 d5 3. Nxe5 Qe7 4. d4 f6 5. Nd3 dxe4 6. Nf4 Bf5 7. Nc3 Nc6 8.
Bb5 O-O-O 9. Bxc6 bxc6 10. Be3 g5 11. Nfe2 Bg4 12. O-O f5 13. d5 f4 14. Bxa7
Bg7 15. Bd4 Bxe2 16. Nxe2 Rxd5 17. c4 Rd8 18. Qa4 Bxd4 19. Nxd4 Rxd4 20. Qa8+
Kd7 21. Rfd1 Qd6 22. Qa4 Rd3 23. c5 Qd5 24. Rxd3 exd3 25. Qa8 Qd4 26. Re1 Ne7 {
Normal} 0-1

[Event "Rated Blitz game"]
[Site "?"]
[Date "2021.11.02"]
[Round "?"]
[White "michaeljoshua"]
[Black "khalid_ontawar"]
[Result "1-0"]
[WhiteElo "2515"]
[BlackElo "2480"]
[PlyCount "39"]
[EventDate "2021.??.??"]
[EventType "blitz"]

1. e4 e5 2. Nf3 d5 3. d3 dxe4 4. dxe4 Qxd1+ 5. Kxd1 Bg4 6. Be2 Bxf3 7. Bxf3 Nc6
8. c3 Bd6 9. Kc2 Nge7 10. Nd2 O-O 11. Nc4 b5 12. Nxd6 cxd6 13. Be3 Rfd8 14.
Rhd1 f5 15. exf5 Nxf5 16. Bxc6 Nxe3+ 17. fxe3 Rac8 18. Bd5+ Kf8 19. Rf1+ Ke7
20. Rf7+ {Normal} 1-0

[Event "Rated Blitz game"]
[Site "?"]
[Date "2021.11.02"]
[Round "?"]
[White "Halil245"]
[Black "lavilaine"]
[Result "0-1"]
[WhiteElo "2448"]
[BlackElo "2479"]
[PlyCount "54"]
[EventDate "2021.??.??"]
[EventType "blitz"]

1. e4 e5 2. Nf3 d5 3. Nxe5 Qe7 4. d4 f6 5. Nd3 dxe4 6. Nf4 Be6 7. d5 Bf7 8.
Bb5+ c6 9. dxc6 bxc6 10. Ba4 f5 11. O-O Nf6 12. Nc3 Qc7 13. h3 Bd6 14. Nfe2 O-O
15. Nd4 f4 16. Nf5 Bd5 17. Nxd6 Qxd6 18. Re1 f3 19. g3 Qe6 20. Kh2 Ng4+ 21.
hxg4 Qxg4 22. Nxd5 Qh5+ 23. Kg1 cxd5 24. Bb5 Nc6 25. Qd2 Rad8 26. Qg5 Qh3 27.
Be2 Qg2# {Normal} 0-1

[Event "Rated Blitz game"]
[Site "?"]
[Date "2021.11.02"]
[Round "?"]
[White "Myopone"]
[Black "rofaidah"]
[Result "0-1"]
[WhiteElo "2368"]
[BlackElo "2435"]
[PlyCount "84"]
[EventDate "2021.??.??"]
[EventType "blitz"]

1. e4 e5 2. Nf3 d5 3. Nxe5 Qe7 4. d4 f6 5. Ng4 dxe4 6. Bc4 Nc6 7. O-O Bd7 8.
Nc3 O-O-O 9. Nd5 Qe8 10. Bf4 Bd6 11. Bxd6 cxd6 12. b4 Kb8 13. b5 Nxd4 14. Qxd4
Bxg4 15. a4 Qe5 16. Qd2 Ne7 17. a5 Nxd5 18. Bxd5 Rc8 19. c4 Be6 20. Bxe6 Qxe6
21. Rac1 Rhd8 22. Qb4 Rc5 23. a6 b6 24. Rfe1 Rdc8 25. h3 f5 26. Qb2 g5 27. Qd4
h5 28. Qg7 R5c7 29. Qxg5 Rg8 30. Qf4 Qe5 31. Qe3 Rcg7 32. g3 Rxg3+ 33. fxg3
Rxg3+ 34. Kf2 Rxe3 35. Kxe3 f4+ 36. Ke2 e3 37. Rg1 Qb2+ 38. Kf3 Qf2+ 39. Ke4 e2
40. Rg8+ Kc7 41. Rcg1 e1=Q+ 42. Rxe1 Qxe1+ {Time forfeit} 0-1

[Event "Rated Blitz tournament cT2tA6cg"]
[Site "?"]
[Date "2021.11.02"]
[Round "?"]
[White "AleksandrAvanesov"]
[Black "vovaches"]
[Result "0-1"]
[WhiteElo "2253"]
[BlackElo "2440"]
[PlyCount "76"]
[EventDate "2021.??.??"]
[EventType "blitz"]

1. e4 e5 2. Nf3 d5 3. d3 Nc6 4. exd5 Qxd5 5. Nc3 Bb4 6. Bd2 Bxc3 7. Bxc3 Nf6 8.
Qe2 O-O 9. O-O-O Qxa2 10. Nxe5 Re8 11. f4 Bg4 12. Nxg4 Rxe2 13. Bxe2 Re8 14.
Nxf6+ gxf6 15. Bf3 f5 16. Bxc6 bxc6 17. Rhe1 Rxe1 18. Rxe1 Kf8 19. Bf6 Qa1+ 20.
Kd2 Qa5+ 21. Bc3 Qd5 22. Re2 h5 23. g3 c5 24. Re5 Qg2+ 25. Re2 Qg1 26. Be5 h4
27. gxh4 c6 28. Bd6+ Kg7 29. Be5+ f6 30. Bc3 Qg4 31. Re7+ Kg6 32. Re6 Qxf4+ 33.
Kd1 Qf1+ 34. Kd2 Qf2+ 35. Kd1 Qg1+ 36. Be1 Qxh2 37. Rxc6 f4 38. Bc3 Qh1+ {
Normal} 0-1